| 000 | 00452nam a22001817a 4500 | ||
|---|---|---|---|
| 008 | 150706b xxu||||| |||| 00| 0 alb d | ||
| 020 | _a9789994300822 | ||
| 041 | _aalb | ||
| 080 | _a32 | ||
| 100 | _aHeywood, Andrew; | ||
| 245 |
_aPolitika / _cAndrew Heywood; |
||
| 250 | _a2nd Edition | ||
| 260 |
_aTiranë : _bDudaj ; _c2008. |
||
| 300 |
_a464 f.: _bme il.; _c25 cm. |
||
| 500 | _aParathënie: f. [17-18] | ||
| 650 | 0 | _aPolitika | |
| 942 |
_2udc _cBK |
||
| 999 |
_c1089 _d1089 |
||